Statystyki dla Kraje najbliższe Togo - jednominutowy sprint

Kliknij tutaj aby rozwiązać quiz!

Ogólne statystyki

  • Ten quiz został rozwiązany 61 razy
  • Średni wynik to 12 z 20

Statystyki odpowiedzi

kmkraj% Poprawnych
191Niger
87%
101Nigeria
84%
0Ghana
80%
875Gwinea
78%
393Mali
78%
0Benin
76%
0Burkina Faso
69%
763Kamerun
69%
1160Sierra Leone
67%
319Côte d'Ivoire
64%
1359Czad
64%
886Liberia
62%
1231Senegal
62%
757Mauretania
60%
1355Kongo
49%
925Algieria
44%
1044Gabon
44%
801Gwinea Równikowa
40%
1395Republika
Środkowoafrykańska
36%
803Wyspy Świętego
Tomasza i Książeca
18%

Rozkład punktacji

Percentyl według liczby udzielonych odpowiedzi

Procent ludzi z każdym wynikiem

Twoja historia wyników

Nie rozwiązałeś tego quizu